| 000 | 00761nam a2200193 i 4500 | ||
|---|---|---|---|
| 001 | 57062 | ||
| 003 | ES-MaACL | ||
| 005 | 20250821092328.0 | ||
| 007 | t| | ||
| 008 | 031014s1977 sp ||||1| spa d | ||
| 100 | 1 |
_aDíez del Corral, Luis. _944718 |
|
| 245 | 1 | 0 |
_aVelazquez, Felipe IV y la monarquía _b: discurso leído el día 30 de enero de 1977 en su recepción / _cpor Luis Díez del Corral y Pedruzo y contestación de Enrique Lafuente Ferrari. |
| 260 |
_aMadrid : _bReal Academia de Bellas Artes de San Fernando, _c1977. |
||
| 300 |
_a102 p. ; _c23 cm. |
||
| 700 | 1 |
_aLafuente Ferrari, Enrique, _d1898-1985 _969538 |
|
| 710 | 2 |
_aReal Academia de Bellas Artes de San Fernando. _96291 |
|
| 852 |
_aES-MaACL _jA-7110 _bR.95548 |
||
| 999 |
_c57062 _d57062 |
||